000 03604nam a2200229 4500
999 _c63584
_d63584
003 Ge_BSU
005 20251106171500.0
008 251106c2023 ge ||||| |||| 00| 0 geo d
020 _q9772720862008
022 _a277208621
041 _ageo
245 _aადრეული განათლება :
_bსარედაქციო კოლეგია /
_c თამარ თოლორაია და სხვ. მთ.რედ. ნინო ლაბარტყავა.
260 _aთბილისი,
_c2023.
300 _aV.
653 _aადრეული განათლება
653 _aჟურნალი ადრეული განათლების მიმართულებით საქართველოში პირველად გამოდის, მის რუბრიკებში გაეცნობით: საქართველოს განათლებისა და მეცნიერების სამინისტროს, მასწავლებელთა პროფესიული განვითარების ეროვნული ცენტრის, განათლების ხარისხის განვითარების ეროვნული ცენტრის მიერ განხორციელებულ და დაგეგმილ აქტივობებს; სტატიებს, თამაშის მნიშვნელობისა და მისი მახასიათებლების, ტყის ბაღისა და გარე განათლების მნიშვნელობის შესახებ ბავშვის განვითარების საქმეში; გაეცნობით, საქართველოში მოღვაწე საერთაშორისო ორგანიზაციების საქმიანობასა და წვლილს; თუ როგორ მიმდინარეობს სახელმწიფო სტანდარტების დანერგვა მასწავლებელთა პროფესიული განვითარების ეროვნული ცენტრისა და გაეროს ბავშვთა ფონდის ერთობლივი პროექტის „ადრეული და სკოლამდელი განათლების სახელმწიფო სტანდარტების დანერგვის ხელშეწყობა პრაქტიკოსების პროფესიული განვითარების გზით“ ფარგლებში, დაბა ხულოს საბავშვო ბაღის მაგალითზე.
653 _aპერიოდიკა
700 _aთოლორაია, თამარ
_eსარედაქციო კოლეგია
_926179
700 _aლაბარტყავა, ნინო
_eმთავარი რედქტორი
_92707
711 _aგანათლების მეცნიერებისა და ახლგაზრდობის სამინისტო, სსიპ მასწავლებელთა პროფესიული განვითარების ეროვნული ცენტრი
_926181
942 _2udc
_cCR